Litery województw na tablicach rejestracyjnych - Nagła śmierć - Statystyki

Ogólne statystyki
  • Ten quiz został rozwiązany 42 razy
  • Średni wynik to 11 z 16
Answers on the Grid
Answers color-coded by a green-red scale on the quiz's grid according to % correct below.
A
B
C
D
E
F
G
H
I
J
K
L
M
N
O
P
Q
R
S
T
U
V
W
X
Y
Z
 
Statystyki odpowiedzi
Odpowiedź % Poprawnych
D
80%
K
80%
S
80%
W
80%
E
73%
P
73%
G
70%
L
67%
B
63%
O
63%
C
60%
T
60%
F
53%
R
53%
Z
53%
N
47%
Nie znaleziono quizów pasujących do podanych kryteriów
Rozkład punktacji
Procent ludzi z każdym wynikiem
Percentyl według liczby udzielonych odpowiedzi
Twoja historia wyników
Nie rozwiązałeś tego quizu